| 000 | 00602nam a22001817a 4500 | ||
|---|---|---|---|
| 003 | BD-DhUL | ||
| 005 | 20171122105304.0 | ||
| 008 | 171122s1940 ir ||||| |||| 00| 0 per d | ||
| 040 |
_aBD-DhUL _cBD-DhUL |
||
| 082 |
_a891.551 _bSHS |
||
| 100 | 0 | _aشبلی نعمانی | |
| 245 | 0 |
_aشعر العجم یا تاریخ ادبیات ایران / _cشبلی نعمانی و سید محمد تقی |
|
| 260 |
_aتھران : _bچاپخانہ شرکت مطبوعات، _c۔۱۹۴۰ |
||
| 300 |
_aص۔ ۱۶۷ ؛ _c۲۴ |
||
| 650 | 0 | _aPersian poetry | |
| 700 | 1 | _aتقی، سید محمد | |
| 942 |
_2ddc _cBK |
||
| 999 |
_c232337 _d232337 |
||